[Event "BL 1617 SK König Tegel - Hamburger SK"]
[Site "?"]
[Date "2017.04.30"]
[Round "14.6"]
[White "Fruebing, Stefan"]
[Black "Kollars, Dmitrij"]
[Result "1/2-1/2"]
[WhiteElo "2392"]
[BlackElo "2500"]
[PlyCount "141"]
[EventDate "2017.??.??"]

1. e4 e5 2. Nf3 Nc6 3. Bc4 Nf6 4. d3 Be7 5. O-O O-O 6. Re1 d6 7. a4 Be6 8. Nbd2
Qd7 9. c3 Rfe8 10. Qb3 Nd8 11. d4 exd4 12. Nxd4 Bxc4 13. Qxc4 Bf8 14. Qd3 Ne6
15. Nxe6 Rxe6 16. c4 Rae8 17. b3 Qc6 18. f3 d5 19. cxd5 Nxd5 20. Nc4 Nb4 21.
Qd2 f5 22. Ba3 Qc5+ 23. Kh1 fxe4 24. fxe4 c6 25. e5 a5 26. Re4 b5 27. Nxa5 Qc2
28. Qe2 bxa4 29. bxa4 Qxa4 30. Bb2 Qb5 31. Nc4 Nd5 32. h3 Nb6 33. Nxb6 Qxb6 34.
Bd4 Qb5 35. Qe3 Qd5 36. Bc3 R6e7 37. Qe2 g6 38. Rd1 Qb3 39. Bb4 Rxe5 40. Qc4+
Qxc4 41. Rxc4 Bxb4 42. Rxb4 Re1+ 43. Rxe1 Rxe1+ 44. Kh2 Kf7 45. Kg3 Ke6 46. Rb7
h5 47. Rg7 Kf6 48. Rc7 Re6 49. Kf4 g5+ 50. Kf3 h4 51. g3 hxg3 52. Kxg3 Re3+ 53.
Kg4 Re4+ 54. Kg3 Rc4 55. Rc8 Kf5 56. Rf8+ Ke4 57. Kg4 Rc5 58. Rf6 Kd3 59. Rg6
Ke2 60. Rf6 Ke3 61. Kh5 Kd2 62. Rg6 Kd3 63. Kg4 Ke4 64. Rf6 Kd4 65. Rg6 Kd3 66.
Kh5 Ke2 67. Rf6 Ke3 68. Kg4 Ke4 69. Kh5 Kd4 70. Rg6 Kd3 71. Kg4 1/2-1/2

[Event "BL 1617 SK König Tegel - Hamburger SK"]
[Site "?"]
[Date "2017.04.30"]
[Round "14.7"]
[White "Carlstedt, Jonathan"]
[Black "Muse, Drazen"]
[Result "1/2-1/2"]
[WhiteElo "2450"]
[BlackElo "2359"]
[PlyCount "79"]
[EventDate "2017.??.??"]

1. d4 e6 2. e4 c5 3. Nf3 cxd4 4. Nxd4 a6 5. c4 Nf6 6. Nc3 Bb4 7. Qd3 Nc6 8.
Nxc6 dxc6 9. e5 Qxd3 10. Bxd3 Nd7 11. f4 Nc5 12. Bc2 b5 13. Bd2 bxc4 14. Ne4
Bxd2+ 15. Kxd2 Nxe4+ 16. Bxe4 Rb8 17. Kc3 Bd7 18. Rad1 Ke7 19. Rd6 Rhc8 20.
Rhd1 Rc7 21. Bf3 f6 22. exf6+ gxf6 23. Be2 Rb5 24. R6d4 Rd5 25. Bxc4 Rxd4 26.
Rxd4 Bc8 27. Bd3 c5 28. Ra4 Ra7 29. Re4 Kd6 30. Re3 Rg7 31. Be4 Bd7 32. Rh3 f5
33. Rd3+ Kc7 34. Bf3 Bb5 35. Re3 Kd6 36. b3 a5 37. g3 Rd7 38. a4 Ba6 39. Re5
Bb7 40. Bxb7 1/2-1/2

[Event "BL 1617 SP Schwegenheim - SV Mülheim N"]
[Site "?"]
[Date "2017.04.30"]
[Round "14.1"]
[White "Tregubov, Pavel V"]
[Black "Horvath, Adam"]
[Result "1-0"]
[WhiteElo "2579"]
[BlackElo "2468"]
[PlyCount "103"]
[EventDate "2017.??.??"]

1. d4 Nf6 2. c4 e6 3. Nc3 Bb4 4. e3 b6 5. Nge2 Ba6 6. a3 Bxc3+ 7. Nxc3 d5 8. b3
O-O 9. Be2 Nc6 10. O-O Na5 11. cxd5 Bxe2 12. Nxe2 exd5 13. Bd2 Nb7 14. Qc2 Qd7
15. Rac1 Rfc8 16. Qc6 Qxc6 17. Rxc6 Nd8 18. Rc2 Ne6 19. Rfc1 Kf8 20. Nf4 Nxf4
21. exf4 a5 22. Rxc7 Rxc7 23. Rxc7 Ne4 24. Be1 Nd6 25. a4 Ke8 26. f3 Kd8 27.
Rc2 Rc8 28. Bh4+ f6 29. Rxc8+ Kxc8 30. g4 b5 31. axb5 Nxb5 32. Bf2 Na3 33. Kf1
Nc2 34. Ke2 Na1 35. b4 axb4 36. Kd3 Nb3 37. Be1 Nc1+ 38. Kd2 Nb3+ 39. Ke3 Na1
40. Kd3 b3 41. Kc3 Nc2 42. Bf2 Nb4 43. Kxb3 Nd3 44. Bg3 f5 45. Kc3 Nc1 46. Kb4
Kd7 47. Kc5 g6 48. Kxd5 Nd3 49. Bh4 Nb4+ 50. Kc4 Nc2 51. Bf2 Kd6 52. Kb3 1-0

[Event "BL 1617 SP Schwegenheim - SV Mülheim N"]
[Site "?"]
[Date "2017.04.30"]
[Round "14.2"]
[White "Ruck, Robert"]
[Black "Zelbel, Patrick"]
[Result "1/2-1/2"]
[WhiteElo "2557"]
[BlackElo "2429"]
[PlyCount "257"]
[EventDate "2017.??.??"]

1. Nf3 c5 2. g3 Nc6 3. Bg2 g6 4. c3 e5 5. d4 cxd4 6. cxd4 e4 7. Ne5 d5 8. O-O
Bg7 9. Nc3 Nge7 10. Bg5 f6 11. Nxc6 bxc6 12. Bf4 h5 13. f3 exf3 14. Bxf3 Bh3
15. Re1 O-O 16. e4 dxe4 17. Nxe4 Nd5 18. Bd6 Re8 19. Bc5 Qd7 20. Qc2 Qf5 21.
Qf2 Bg4 22. Bg2 Qxf2+ 23. Nxf2 Bf5 24. Ne4 Bxe4 25. Bxe4 Kf7 26. Bxd5+ cxd5 27.
Rxe8 Rxe8 28. Bxa7 Re2 29. a4 Bh6 30. a5 Be3+ 31. Kf1 Rf2+ 32. Ke1 Rxh2 33. Ra3
Bd2+ 34. Kf1 Bb4 35. Ra2 Ke6 36. a6 Bd6 37. Bc5 Bb8 38. a7 Bxa7 39. Bxa7 Kf5
40. Bc5 g5 41. Be7 Rd2 42. Ra6 Rxd4 43. Rxf6+ Kg4 44. Bd6 h4 45. gxh4 gxh4 46.
b4 h3 47. Rg6+ Kf5 48. Rh6 Rd3 49. Ke2 Ra3 50. Rh4 Ke6 51. Bb8 Kd7 52. Kf2 Kc6
53. Kg1 Kb5 54. Rd4 Ra2 55. Bd6 Kc6 56. Bc5 Rg2+ 57. Kh1 Rc2 58. Rh4 Rc3 59.
Kh2 Kb5 60. Rxh3 d4 61. Rh4 Rd3 62. Kg2 Kc4 63. Kf2 Kc3 64. Ke2 Re3+ 65. Kd1
Rd3+ 66. Kc1 Kc4 67. Re4 Kc3 68. Rg4 Kc4 69. Rg2 Kb3 70. Rd2 Rc3+ 71. Kd1 d3
72. Ke1 Kc4 73. Rf2 Rc1+ 74. Kd2 Rc2+ 75. Ke3 Kc3 76. Bd4+ Kxb4 77. Rf4 d2 78.
Ke2 d1=Q+ 79. Kxd1 Rg2 80. Bf2+ Kb5 81. Kd2 Kc6 82. Kd3 Kd5 83. Be3 Ra2 84.
Rf5+ Ke6 85. Rb5 Ra4 86. Bd4 Ra2 87. Ke4 Re2+ 88. Be3 Kd6 89. Rb6+ Kc7 90. Rg6
Re1 91. Kd4 Kd7 92. Bf4 Rd1+ 93. Kc5 Ke7 94. Be5 Kf7 95. Rh6 Ke7 96. Bd4 Rd2
97. Kd5 Rd1 98. Rh7+ Kd8 99. Ke5 Kc8 100. Bc5 Rd7 101. Rh6 Kb7 102. Rb6+ Kc7
103. Ra6 Kb7 104. Ra1 Kc6 105. Bd6 Rh7 106. Rc1+ Kb5 107. Kd5 Rh5+ 108. Be5 Kb4
109. Rb1+ Ka5 110. Kd4 Ka6 111. Bd6 Rb5 112. Rh1 Kb6 113. Rh6 Rb1 114. Be5+ Kb7
115. Kc5 Rc1+ 116. Kd5 Rd1+ 117. Bd4 Kc7 118. Rh7+ Kd8 119. Rg7 Rd2 120. Kc5
Ke8 121. Be5 Rd7 122. Rg1 Ke7 123. Rh1 Ke6 124. Bd6 Ra7 125. Re1+ Kf5 126. Rf1+
Ke4 127. Re1+ Kf5 128. Re7 Rxe7 129. Bxe7 1/2-1/2

[Event "BL 1617 SP Schwegenheim - SV Mülheim N"]
[Site "?"]
[Date "2017.04.30"]
[Round "14.3"]
[White "Hausrath, Daniel"]
[Black "Nemeth, Miklos"]
[Result "1/2-1/2"]
[WhiteElo "2480"]
[BlackElo "2449"]
[PlyCount "91"]
[EventDate "2017.??.??"]

1. Nf3 Nf6 2. g3 b6 3. Bg2 Bb7 4. O-O e6 5. c4 Be7 6. d4 O-O 7. Re1 Na6 8. Nc3
Ne4 9. Nxe4 Bxe4 10. a3 Bf6 11. Nh4 Bxg2 12. Nxg2 d6 13. e4 c5 14. d5 Nc7 15.
a4 a6 16. Nf4 Re8 17. Ra3 b5 18. axb5 axb5 19. Rxa8 Nxa8 20. dxe6 fxe6 21. cxb5
Nb6 22. Nh5 Bd4 23. Qg4 Qe7 24. Kg2 Qf7 25. Rf1 Kh8 26. Nf4 Qd7 27. Qe2 c4 28.
Qh5 Kg8 29. h4 Be5 30. Nh3 g6 31. Qg4 Na4 32. h5 Qg7 33. hxg6 Qxg6 34. Qe2 c3
35. b3 Nc5 36. f4 Bg7 37. e5 d5 38. b4 Ne4 39. Qd3 Qf5 40. b6 Bf8 41. Ng5 Nxg5
42. Qxf5 exf5 43. fxg5 d4 44. Rd1 Rxe5 45. Rxd4 Rb5 46. Rc4 1/2-1/2

[Event "BL 1617 SP Schwegenheim - SV Mülheim N"]
[Site "?"]
[Date "2017.04.30"]
[Round "14.5"]
[White "Beerdsen, Thomas"]
[Black "Commercon, Simon"]
[Result "1/2-1/2"]
[WhiteElo "2446"]
[BlackElo "2285"]
[PlyCount "95"]
[EventDate "2017.??.??"]

1. e4 e5 2. Nf3 Nc6 3. Nc3 Nf6 4. h3 d5 5. exd5 Nxd5 6. Bb5 Nxc3 7. bxc3 Bd6 8.
O-O O-O 9. d4 exd4 10. cxd4 Bf5 11. c3 h6 12. Bd3 Qf6 13. Rb1 Bxd3 14. Qxd3 b6
15. Bb2 Ne7 16. c4 Ng6 17. g3 Rfe8 18. Bc3 Qe6 19. Kg2 Qe2 20. Qxe2 Rxe2 21. a4
Rae8 22. Rfe1 R8e3 23. Rxe2 Rxe2 24. Bd2 Ne7 25. Kf1 Re4 26. Re1 Rxe1+ 27. Kxe1
c6 28. Ke2 f5 29. h4 Kf7 30. Ne1 a6 31. Nd3 b5 32. Nb2 Ba3 33. axb5 axb5 34.
Nd3 bxc4 35. Ne5+ Ke6 36. Nxc4 Bd6 37. Nxd6 Kxd6 38. Bb4+ Ke6 39. Bxe7 Kxe7 40.
Kd3 Kd6 41. Kc4 h5 42. f3 g6 43. f4 Kd7 44. Kb4 Kd6 45. Kc4 Kd7 46. Kc5 Kc7 47.
d5 cxd5 48. Kxd5 1/2-1/2

[Event "BL 1617 SP Schwegenheim - SV Mülheim N"]
[Site "?"]
[Date "2017.04.30"]
[Round "14.6"]
[White "Kraemer, Enrico"]
[Black "Warmerdam, Max"]
[Result "0-1"]
[WhiteElo "2175"]
[BlackElo "2351"]
[PlyCount "98"]
[EventDate "2017.??.??"]

1. d4 Nf6 2. c4 g6 3. Nc3 Bg7 4. e4 d6 5. f3 O-O 6. Be3 c5 7. Nge2 b6 8. Qd2 e6
9. d5 exd5 10. cxd5 Ba6 11. Nf4 Bxf1 12. Rxf1 Na6 13. Kf2 Nc7 14. Kg1 b5 15.
Rac1 Re8 16. Kh1 a5 17. a4 Qd7 18. b3 Rab8 19. Rb1 Rb7 20. Nd3 Reb8 21. axb5
Nxb5 22. Na4 Na3 23. Rbc1 c4 24. Ndc5 dxc5 25. Nxc5 Qb5 26. Nxb7 Rxb7 27. bxc4
Nxc4 28. Qe2 Nxe3 29. Qxe3 Nd7 30. Rfd1 Bb2 31. Rc8+ Kg7 32. f4 a4 33. e5 a3
34. Ra8 Nb6 35. Rd8 a2 36. f5 Nxd5 37. R8xd5 Qxd5 38. f6+ Kg8 39. Rxd5 a1=Q+
40. Qg1 Qxg1+ 41. Kxg1 h6 42. Kf2 Kh7 43. h4 h5 44. g3 g5 45. hxg5 Kg6 46. Kg2
Rb3 47. Ra5 Re3 48. Rb5 Bxe5 49. Kf2 Bd4 0-1

[Event "BL 1617 SP Schwegenheim - SV Mülheim N"]
[Site "?"]
[Date "2017.04.30"]
[Round "14.8"]
[White "Mager, Denis"]
[Black "Buckels, Valentin"]
[Result "1/2-1/2"]
[WhiteElo "2307"]
[BlackElo "2309"]
[PlyCount "102"]
[EventDate "2017.??.??"]

1. e4 e5 2. Nf3 Nc6 3. d4 exd4 4. Nxd4 Nxd4 5. Qxd4 Ne7 6. c4 Nc6 7. Qd3 Bc5 8.
Nc3 O-O 9. Be2 d6 10. O-O Qh4 11. Qg3 Qxg3 12. hxg3 a6 13. Nd5 Nd4 14. Bd3 c6
15. Ne7+ Kh8 16. Nxc8 Raxc8 17. Bd2 Ne6 18. Bc3 Bd4 19. Rac1 b5 20. b4 Rb8 21.
Bxd4 Nxd4 22. c5 Rbd8 23. cxd6 Rxd6 24. e5 Re6 25. f4 f6 26. exf6 Rfxf6 27.
Rfe1 g6 28. Kf2 Kg7 29. Rxe6 Rxe6 30. Re1 Kf6 31. g4 Rxe1 32. Kxe1 Ne6 33. g5+
Ke7 34. g3 c5 35. bxc5 Nxc5 36. Bc2 b4 37. Kd2 a5 38. f5 a4 39. fxg6 hxg6 40.
Bxg6 a3 41. Kc2 b3+ 42. axb3 a2 43. Kb2 Nxb3 44. Kxa2 Nd4 45. Be4 Ne6 46. g6
Kf6 47. Kb2 Nf8 48. Kc3 Nxg6 49. Kd4 Kg5 50. Bf3 Nh4 51. gxh4+ Kxh4 1/2-1/2

[Event "BL 1617 OSG Baden Baden - SG Solingen"]
[Site "?"]
[Date "2017.04.30"]
[Round "14.5"]
[White "Nikolic, Predrag"]
[Black "Kasimdzhanov, Rustam"]
[Result "1-0"]
[WhiteElo "2609"]
[BlackElo "2698"]
[PlyCount "93"]
[EventDate "2017.??.??"]

1. d4 d5 2. c4 dxc4 3. Nf3 Nf6 4. e3 e6 5. Bxc4 c5 6. O-O a6 7. dxc5 Bxc5 8.
Qxd8+ Kxd8 9. Rd1+ Ke7 10. b3 b6 11. Bb2 Nbd7 12. Nbd2 Bb7 13. Be2 Rhc8 14. a3
b5 15. a4 bxa4 16. Rxa4 Nb6 17. Ra5 Bb4 18. Ba3 Bxa3 19. Rxa3 Nfd5 20. Nc4 Nxc4
21. bxc4 Nb4 22. Nd4 Be4 23. Ra5 f6 24. f3 Bg6 25. f4 Be4 26. c5 Rc7 27. Nxe6
Kxe6 28. Rd4 Bxg2 29. Rxb4 Bb7 30. Kf2 f5 31. Rb6+ Ke7 32. c6 Bxc6 33. Rc5 Kd7
34. Rbxc6 Rxc6 35. Rxc6 Kxc6 36. Bf3+ Kc5 37. Bxa8 a5 38. Bb7 a4 39. Bc8 a3 40.
Be6 g6 41. Ke2 Kd6 42. Bg8 Ke7 43. Kd3 Kf6 44. Kc3 Kg7 45. Bd5 g5 46. fxg5 Kg6
47. h4 1-0

[Event "BL 1617 OSG Baden Baden - SG Solingen"]
[Site "?"]
[Date "2017.04.30"]
[Round "14.6"]
[White "Bacrot, Etienne"]
[Black "Naumann, Alexander"]
[Result "1-0"]
[WhiteElo "2696"]
[BlackElo "2565"]
[PlyCount "95"]
[EventDate "2017.??.??"]

1. e4 e5 2. Nf3 Nc6 3. Bc4 Nf6 4. d3 Be7 5. O-O O-O 6. Re1 d6 7. a4 Na5 8. Ba2
c5 9. c3 Nc6 10. Na3 h6 11. Bd2 a6 12. h3 Rb8 13. Nc2 b5 14. axb5 axb5 15. b4
cxb4 16. cxb4 Be6 17. Bxe6 fxe6 18. d4 Qd7 19. Ra3 Rfc8 20. Rd3 exd4 21. Nfxd4
Nxd4 22. Nxd4 Rc4 23. Qf3 Kh7 24. g4 Rf8 25. Qg2 Bd8 26. g5 Bb6 27. Nf3 Nxe4
28. Ne5 Qb7 29. Nxc4 Bxf2+ 30. Kh2 Bxe1 31. Na5 Qa8 32. g6+ Kg8 33. Bxe1 d5 34.
Rf3 Rc8 35. Bg3 Qa7 36. Be5 Ng5 37. Rf2 Qe7 38. Qg4 Ne4 39. Ra2 Nf6 40. Qf4 Nd7
41. Bd6 Qe8 42. Rg2 Nf6 43. Be5 Ne4 44. Nb3 Rc4 45. Nd4 Rxb4 46. Bxg7 Kxg7 47.
Qe5+ Kg8 48. Nxe6 1-0

[Event "BL 1617 OSG Baden Baden - SG Solingen"]
[Site "?"]
[Date "2017.04.30"]
[Round "14.8"]
[White "Nielsen, Peter Heine"]
[Black "Andersen, Mads"]
[Result "1/2-1/2"]
[WhiteElo "2639"]
[BlackElo "2565"]
[PlyCount "109"]
[EventDate "2017.??.??"]

1. d4 d5 2. c4 e6 3. Nf3 Nf6 4. Nc3 Be7 5. Bg5 O-O 6. e3 Nbd7 7. Rc1 h6 8. Bh4
c5 9. dxc5 dxc4 10. c6 bxc6 11. Bxc4 Rb8 12. Qc2 Nd5 13. Bxe7 Qxe7 14. O-O Bb7
15. Rfd1 Rfd8 16. Be2 c5 17. b3 Rbc8 18. Qb2 N7b6 19. Nxd5 Rxd5 20. Qa3 Rxd1+
21. Rxd1 Bd5 22. Rc1 Rc7 23. h3 g6 24. Nd2 Qg5 25. Bf3 Bxf3 26. Nxf3 Qd5 27.
Qa5 c4 28. Qxd5 exd5 29. Kf1 Kf8 30. Ke2 Ke7 31. Nd4 Kd7 32. Rb1 Rc5 33. b4 Rc8
34. Kd2 Na4 35. Nb5 Rb8 36. Nc3 Nb6 37. Kc2 Kc6 38. Rd1 Ra8 39. e4 dxe4 40.
Nxe4 Re8 41. Nc3 Re5 42. a4 a5 43. f4 Rf5 44. g4 Rxf4 45. bxa5 Rf2+ 46. Kb1 Nc8
47. a6 Rf3 48. Kc2 Na7 49. Nb5 Nxb5 50. axb5+ Kxb5 51. Ra1 Rf2+ 52. Kc3 Rf3+
53. Kc2 Rf2+ 54. Kc3 Rf3+ 55. Kc2 1/2-1/2

[Event "BL 1617 MSA Zugzwang - SG Trier"]
[Site "?"]
[Date "2017.04.30"]
[Round "14.3"]
[White "Gledura, Benjamin"]
[Black "Mons, Leon"]
[Result "1/2-1/2"]
[WhiteElo "2592"]
[BlackElo "2479"]
[PlyCount "59"]
[EventDate "2017.??.??"]

1. e4 e5 2. Nf3 Nc6 3. Bc4 Nf6 4. d3 Be7 5. O-O O-O 6. Nc3 d6 7. a3 h6 8. Be3
Re8 9. b4 a6 10. h3 Bf8 11. Qb1 Be6 12. Bxe6 Rxe6 13. Nd5 Re8 14. c4 Nxd5 15.
cxd5 Ne7 16. d4 exd4 17. Nxd4 c6 18. dxc6 Nxc6 19. Nxc6 bxc6 20. Rc1 Qd7 21.
Qc2 Rec8 22. Qa4 Qb7 23. Rc4 c5 24. bxc5 dxc5 25. Rac1 Rc6 26. Qc2 Rac8 27. f4
Rb6 28. Qa4 Rb3 29. Bxc5 Rb1 30. Be3 1/2-1/2

[Event "BL 1617 MSA Zugzwang - SG Trier"]
[Site "?"]
[Date "2017.04.30"]
[Round "14.4"]
[White "Hertneck, Gerald"]
[Black "Bobras, Piotr"]
[Result "1/2-1/2"]
[WhiteElo "2485"]
[BlackElo "2522"]
[PlyCount "40"]
[EventDate "2017.??.??"]

1. d4 d5 2. Nf3 Nf6 3. c4 c6 4. cxd5 cxd5 5. Nc3 Nc6 6. Bf4 Bf5 7. e3 e6 8. Bd3
Bxd3 9. Qxd3 Be7 10. Qb5 Qc8 11. O-O a6 12. Qd3 b5 13. Rfc1 Qb7 14. Ne5 Nxe5
15. Bxe5 O-O 16. Bxf6 Bxf6 17. a4 b4 18. Ne2 Rfc8 19. b3 Be7 20. Qd1 Bd6
1/2-1/2

[Event "BL 1617 MSA Zugzwang - SG Trier"]
[Site "?"]
[Date "2017.04.30"]
[Round "14.6"]
[White "Zysk, Robert"]
[Black "Jaracz, Pawel"]
[Result "1/2-1/2"]
[WhiteElo "2407"]
[BlackElo "2469"]
[PlyCount "45"]
[EventDate "2017.??.??"]

1. c4 c6 2. Nf3 d5 3. b3 Bg4 4. Bb2 Nd7 5. e3 e6 6. h3 Bh5 7. Be2 Ngf6 8. Nc3
Bd6 9. d3 h6 10. a3 Bg6 11. b4 O-O 12. Qb3 Ne5 13. Nxe5 Bxe5 14. O-O Bc7 15.
Rad1 Nh5 16. cxd5 exd5 17. Bxh5 Bxh5 18. Rde1 Qg5 19. f4 Qg3 20. Qc2 Bb6 21. d4
Rfe8 22. Qf2 Qxf2+ 23. Kxf2 1/2-1/2

[Event "BL 1617 MSA Zugzwang - SG Trier"]
[Site "?"]
[Date "2017.04.30"]
[Round "14.8"]
[White "Eichler, Christoph"]
[Black "Seger, Ruediger"]
[Result "1/2-1/2"]
[WhiteElo "2304"]
[BlackElo "2351"]
[PlyCount "43"]
[EventDate "2017.??.??"]

1. Nf3 Nf6 2. g3 g6 3. Bg2 Bg7 4. O-O O-O 5. c4 c6 6. d4 d5 7. cxd5 cxd5 8. Nc3
Ne4 9. Ne5 Nxc3 10. bxc3 Nc6 11. Nxc6 bxc6 12. Qa4 Qb6 13. Ba3 Qa6 14. Qxa6
Bxa6 15. Rfe1 Rfe8 16. Bf1 Bf8 17. Reb1 e6 18. Bxf8 Kxf8 19. Rb2 c5 20. e3 Bxf1
21. Kxf1 Rac8 22. Rab1 1/2-1/2

[Event "BL 1617 Bayern München - DJK Aachen"]
[Site "?"]
[Date "2017.04.30"]
[Round "14.2"]
[White "Gabriel, Christian"]
[Black "van Foreest, Jorden"]
[Result "1/2-1/2"]
[WhiteElo "2512"]
[BlackElo "2584"]
[PlyCount "71"]
[EventDate "2017.??.??"]

1. d4 d5 2. c4 c6 3. Nf3 Nf6 4. Qb3 dxc4 5. Qxc4 Bg4 6. Nbd2 Nbd7 7. g3 e6 8.
Bg2 Be7 9. O-O O-O 10. b3 a5 11. a3 Rc8 12. Bb2 b5 13. Qc2 c5 14. Qd3 Qb6 15.
a4 bxa4 16. Rxa4 Bf5 17. e4 Nxe4 18. Nxe4 Bxe4 19. Qxe4 Qxb3 20. d5 Qxb2 21.
dxe6 f5 22. Qe1 Nf6 23. Ne5 Qb3 24. Rxa5 Qxe6 25. Nc6 Qxe1 26. Rxe1 Bd6 27. Re6
Ne8 28. Na7 Rd8 29. Nc6 Rd7 30. Bd5 Kh8 31. Ne5 Rd8 32. Nc4 Bxg3 33. hxg3 Nc7
34. Rxc5 Nxd5 35. Re5 Nf6 36. Rxf5 1/2-1/2

[Event "BL 1617 Bayern München - DJK Aachen"]
[Site "?"]
[Date "2017.04.30"]
[Round "14.6"]
[White "Schneider, Stefan"]
[Black "Braga, Fernando"]
[Result "1-0"]
[WhiteElo "2356"]
[BlackElo "2410"]
[PlyCount "93"]
[EventDate "2017.??.??"]

1. d4 Nf6 2. Nf3 c5 3. d5 e6 4. Nc3 exd5 5. Nxd5 Nxd5 6. Qxd5 Nc6 7. e4 Be7 8.
Bc4 O-O 9. O-O d6 10. Qh5 Be6 11. Bxe6 fxe6 12. Ng5 Bxg5 13. Bxg5 Qc7 14. Rad1
Rae8 15. Bh4 e5 16. c3 Re6 17. Qe2 Kh8 18. Rd3 h6 19. Rfd1 g5 20. Bg3 Rff6 21.
Qh5 Kg7 22. Qg4 Qf7 23. h4 Qg6 24. hxg5 Qxg5 25. Qh3 Rg6 26. Bh4 Qg4 27. Qxg4
Rxg4 28. g3 Rgg6 29. Kh2 Kf7 30. Re1 Rg8 31. Kh3 Na5 32. Rf3+ Kg6 33. Rd1 c4
34. Re3 Rge8 35. f4 exf4 36. gxf4 Rxe4 37. Rxd6+ Kh7 38. Rd7+ Kg8 39. Rg3+ Kf8
40. Bf6 Re3 41. Bg7+ Kg8 42. f5 Rxg3+ 43. Kxg3 Nc6 44. Bxh6 Re1 45. Rg7+ Kh8
46. Rxb7 Ne7 47. f6 1-0

[Event "BL 1617 Bayern München - DJK Aachen"]
[Site "?"]
[Date "2017.04.30"]
[Round "14.7"]
[White "Braun, Christian"]
[Black "Reich, Thomas"]
[Result "1/2-1/2"]
[WhiteElo "2356"]
[BlackElo "2367"]
[PlyCount "131"]
[EventDate "2017.??.??"]

1. e4 c5 2. Nf3 Nc6 3. Bb5 Na5 4. b4 cxb4 5. a3 bxa3 6. Bxa3 e6 7. Bxf8 Kxf8 8.
d4 d5 9. exd5 exd5 10. O-O Nf6 11. Ne5 h5 12. Qf3 Kg8 13. Nd2 Be6 14. Rfe1 Rh6
15. h3 Rc8 16. Bd3 a6 17. Rab1 b5 18. Qf4 Nc4 19. Nb3 Qc7 20. Ra1 a5 21. Nc5
Nxe5 22. Rxe5 Nd7 23. Nxd7 Bxd7 24. Qd2 a4 25. Rxd5 Rd6 26. Rxh5 Qc3 27. Qxc3
Rxc3 28. Bxb5 Bxb5 29. Rxb5 Rxd4 30. Rb2 a3 31. Rb3 Rxc2 32. Rbxa3 Rf4 33. Rf1
g6 34. g3 Rfc4 35. Raa1 Rd2 36. Kg2 Rcc2 37. Ra4 Kg7 38. h4 Rb2 39. Rg4 Rd5 40.
Rf4 Rd6 41. g4 Rbd2 42. Kg3 R6d3+ 43. f3 Rd1 44. Rxd1 Rxd1 45. g5 Ra1 46. Rb4
Rc1 47. Rb2 Ra1 48. Rf2 Ra3 49. Rf1 Rb3 50. Kg4 Ra3 51. f4 f5+ 52. gxf6+ Kxf6
53. Rb1 Ra5 54. Rb6+ Kf7 55. Rd6 Rb5 56. Rd3 Kf6 57. Re3 Rb1 58. Rg3 Ra1 59.
Rh3 Ra5 60. Rb3 Rc5 61. Rb6+ Kf7 62. Rb8 Ra5 63. Rh8 Rb5 64. Rc8 Ra5 65. Rc7+
Kf6 66. Rc6+ {Ke5} 1/2-1/2

[Event "BL 1617 Bayern München - DJK Aachen"]
[Site "?"]
[Date "2017.04.30"]
[Round "14.8"]
[White "Meister, Peter"]
[Black "Capone, Nicola"]
[Result "1/2-1/2"]
[WhiteElo "2371"]
[BlackElo "2349"]
[PlyCount "167"]
[EventDate "2017.??.??"]

1. d4 Nf6 2. Nf3 e6 3. e3 d5 4. Bd3 b6 5. b3 Bb7 6. O-O Nbd7 7. Bb2 Be7 8. Nbd2
O-O 9. Qe2 c5 10. c4 Ne4 11. Rfd1 Nxd2 12. Rxd2 cxd4 13. exd4 dxc4 14. bxc4 Bf6
15. a4 Qc7 16. Qe3 Rfe8 17. Ng5 g6 18. f4 Bg7 19. Nf3 Bxf3 20. Qxf3 Rad8 21.
Bf1 Nb8 22. Rad1 Re7 23. Ba3 Red7 24. Qf2 Qc6 25. a5 Qa4 26. Bb2 Qxa5 27. g3
Qb4 28. d5 Na6 29. Bxg7 Kxg7 30. Ra2 Nc5 31. Qd4+ Kg8 32. Bh3 Nb3 33. Qf6 Qe7
34. Qc3 Nc5 35. Re1 Qd6 36. Rae2 Re7 37. f5 e5 38. fxg6 hxg6 39. Rxe5 Qf6 40.
Qe3 Rxe5 41. Qxe5 Qxe5 42. Rxe5 Kf8 43. Re1 a5 44. Rb1 a4 45. Ra1 Ke7 46. Bg4
Kd6 47. Kf2 Re8 48. Ra3 Re4 49. Be2 Ke5 50. h4 Kd4 51. Kf3 Re8 52. Bd1 Kxc4 53.
Bxa4 b5 54. Bc2 Kxd5 55. Ra7 Rf8 56. g4 b4 57. h5 gxh5 58. gxh5 b3 59. Bb1 Ne6
60. Rb7 Kc4 61. Ke3 f5 62. h6 f4+ 63. Kf2 Nd4 64. h7 Nc2 65. Rc7+ Kd3 66. Rg7
Rh8 67. Kf3 Kc3 68. Kxf4 Kb2 69. Bxc2 bxc2 70. Rb7+ Kc3 71. Rc7+ Kd2 72. Rd7+
Ke1 73. Rc7 Kd1 74. Rd7+ Kc1 75. Rc7 Kb2 76. Rb7+ Kc3 77. Rc7+ Kd2 78. Rd7+ Ke2
79. Rc7 Kd3 80. Rd7+ Kc3 81. Rc7+ Kd2 82. Rd7+ Kc1 83. Rc7 Kd2 84. Ke4 1/2-1/2

[Event "BL 1617 SV Hockenheim - Schwäbisch Hal"]
[Site "?"]
[Date "2017.04.30"]
[Round "14.1"]
[White "Laznicka, Viktor"]
[Black "Karpov, Anatoly"]
[Result "1/2-1/2"]
[WhiteElo "2670"]
[BlackElo "2624"]
[PlyCount "105"]
[EventDate "2017.??.??"]

1. d4 Nf6 2. c4 e6 3. Nc3 Bb4 4. Qc2 O-O 5. a3 Bxc3+ 6. Qxc3 b6 7. Bg5 Bb7 8.
e3 d6 9. Ne2 Nbd7 10. Qc2 c5 11. Rd1 Qc7 12. Nc3 cxd4 13. Rxd4 d5 14. cxd5 Bxd5
15. e4 Bb7 16. Be2 Rac8 17. O-O e5 18. Rc4 Qb8 19. Rd1 Ba6 20. Rxc8 Qxc8 21.
Bxa6 Qxa6 22. Nd5 h6 23. Bxf6 Nxf6 24. Nxf6+ gxf6 25. Rd6 Qc8 26. Qd1 Kg7 27.
g3 Rh8 28. Qf3 Qc1+ 29. Kg2 Qg5 30. h4 Qg6 31. Rd7 Ra8 32. b4 h5 33. Qd3 a6 34.
Rc7 b5 35. Qd5 Rf8 36. Rc6 Rd8 37. Rd6 Rxd6 38. Qxd6 Qxe4+ 39. Kg1 Qe1+ 40. Kg2
Qe4+ 41. Kg1 a5 42. bxa5 Qe1+ 43. Kg2 Qxa5 44. Qc5 Qa8+ 45. Kg1 Qa4 46. Kg2
Qe4+ 47. Kg1 Qd3 48. Kg2 Qd7 49. Kg1 Qe8 50. Qd5 f5 51. Kg2 f6 52. Kf1 Kg6 53.
Kg2 1/2-1/2

[Event "BL 1617 SV Hockenheim - Schwäbisch Hal"]
[Site "?"]
[Date "2017.04.30"]
[Round "14.4"]
[White "Wagner, Dennis"]
[Black "Cornette, Matthieu"]
[Result "1/2-1/2"]
[WhiteElo "2577"]
[BlackElo "2590"]
[PlyCount "63"]
[EventDate "2017.??.??"]

1. d4 Nf6 2. c4 e6 3. g3 d5 4. Bg2 dxc4 5. Nf3 Bd7 6. Ne5 Bc6 7. Nxc6 Nxc6 8.
O-O Qd7 9. e3 Rd8 10. Qe2 e5 11. Nc3 Be7 12. Qxc4 exd4 13. Rd1 O-O 14. Bxc6
Qxc6 15. Qxc6 bxc6 16. Rxd4 Rxd4 17. exd4 Rb8 18. b3 Bb4 19. Bb2 Nd5 20. Rc1
Nxc3 21. Bxc3 Bd6 22. Bd2 Rb6 23. Kf1 Kf8 24. Ke2 Ke7 25. Kd3 Kd7 26. h3 h5 27.
g4 hxg4 28. hxg4 g6 29. Ke4 Ke6 30. g5 Kd7 31. Rc4 Ra6 32. Rc2 1/2-1/2

[Event "BL 1617 SV Hockenheim - Schwäbisch Hal"]
[Site "?"]
[Date "2017.04.30"]
[Round "14.5"]
[White "Michalik, Peter"]
[Black "Moiseenko, Alexander"]
[Result "1/2-1/2"]
[WhiteElo "2564"]
[BlackElo "2670"]
[PlyCount "98"]
[EventDate "2017.??.??"]

1. d4 Nf6 2. c4 e6 3. Nc3 Bb4 4. Qc2 O-O 5. Nf3 d6 6. Bd2 b6 7. e3 Bb7 8. Be2
Bxc3 9. Bxc3 Ne4 10. O-O Nxc3 11. Qxc3 Nd7 12. Rfd1 Nf6 13. Nd2 Qe7 14. c5 bxc5
15. dxc5 Ne4 16. Nxe4 Bxe4 17. f3 Bg6 18. cxd6 cxd6 19. Rac1 Rfd8 20. Qa3 Qb7
21. Rd4 d5 22. Ba6 Qd7 23. Rb4 e5 24. Rb7 Qf5 25. Rbc7 d4 26. e4 Qg5 27. Qd3 h5
28. R1c2 Rd6 29. Bc4 a5 30. Qd2 Qd8 31. Bd3 h4 32. R7c5 f6 33. Qc1 Qb6 34. Rb5
Qd8 35. f4 Qe7 36. Rc7 Rd7 37. Rxd7 Qxd7 38. fxe5 fxe5 39. Qg5 Bf7 40. h3 Re8
41. Rxe5 Rxe5 42. Qxe5 Qa4 43. Kh2 Qb4 44. a3 Qxb2 45. Qxa5 Qf2 46. Qa8+ Kh7
47. e5+ Bg6 48. Bxg6+ Kxg6 49. Qe8+ Kh7 1/2-1/2

[Event "BL 1617 SV Hockenheim - Schwäbisch Hal"]
[Site "?"]
[Date "2017.04.30"]
[Round "14.6"]
[White "Banusz, Tamas"]
[Black "Womacka, Mathias"]
[Result "1/2-1/2"]
[WhiteElo "2613"]
[BlackElo "2428"]
[PlyCount "75"]
[EventDate "2017.??.??"]

1. Nf3 c5 2. c4 Nf6 3. Nc3 e6 4. g3 b6 5. Bg2 Bb7 6. O-O Be7 7. d4 cxd4 8. Qxd4
d6 9. Bg5 a6 10. Bxf6 Bxf6 11. Qf4 O-O 12. Rfd1 Be7 13. Ne4 Bxe4 14. Qxe4 Ra7
15. Nd4 Qc8 16. b3 Re8 17. Rd2 Bf8 18. Rad1 Qc5 19. Qb1 Rc7 20. e3 Qe5 21. h3
g6 22. Kh2 Rec8 23. a4 Rd7 24. f4 Qf6 25. Rc2 Rdc7 26. Rdd2 h5 27. Qf1 a5 28.
Qf2 Na6 29. Nb5 Rd7 30. e4 Nc5 31. Qf3 h4 32. g4 g5 33. f5 Bg7 34. Rd1 Qe7 35.
Kh1 Be5 36. Nd4 Qf6 37. Ne2 Rcd8 38. Qe3 1/2-1/2